Psychiatric and mental health essentials in primary care / (رقم التسجيلة. 26446)
[ عرض عادي ]
| 000 -الفاتح | |
|---|---|
| حقل البيانات ثابتة الطول | 02030cam a22004574a 4500 |
| 001 - رقم الضبط | |
| رقم الضبط | 16225882 |
| 003 - محدد رقم الضبط | |
| رقم الضبط | OSt |
| 005 - وقت وتاريخ اخر تعامل مع التسجيلة | |
| رقم الضبط | 20150408114104.0 |
| 008 - عناصر البيانات ثابتة الطول - معلومات عامة | |
| حقل البيانات ثابتة الطول | 100506s2011 enka b 000 0 eng |
| 010 ## - رقم ضبط مكتبة الكونجرس | |
| رقم ضبط مكتبة الكونجرس | 2010019469 |
| 020 ## - الرقم الدولى المعيارى للكتب | |
| الرقم الدولى المعيارى للكتاب | 9780415780902 (hbk) |
| 020 ## - الرقم الدولى المعيارى للكتب | |
| الرقم الدولى المعيارى للكتاب | 041578090X (hbk) |
| 020 ## - الرقم الدولى المعيارى للكتب | |
| الرقم الدولى المعيارى للكتاب | 9780415780919 (pbk.) |
| 020 ## - الرقم الدولى المعيارى للكتب | |
| الرقم الدولى المعيارى للكتاب | 0415780918 (pbk) |
| 020 ## - الرقم الدولى المعيارى للكتب | |
| الرقم الدولى المعيارى للكتاب | 9780203840221 (ebk) |
| 020 ## - الرقم الدولى المعيارى للكتب | |
| الرقم الدولى المعيارى للكتاب | 0203840224 (ebk) |
| 035 ## - رقم ضبط النظام | |
| رقم ضبط النظام | (DNLM)101530419 |
| 040 ## - مصدر الفهرسة | |
| وكالة الفهرسة الأصلية | DNLM/DLC |
| وكالة النسخ | DLC |
| 042 ## - رمز التحقق | |
| رمز التحقق | pcc |
| 050 00 - رقم طلب مكتبة الكونجرس | |
| رقم التصنيف | RC440 |
| رقم المادة | .H58 2011 |
| 060 10 - رقم الطلب بالمكتبة الطبية الوطنية | |
| رقم التصنيف | WY 160 |
| رقم المادة | H698p 2011 |
| 082 00 - رقم تصنيف ديوى العشرى | |
| رقم التصنيف | 616.890231 |
| رقم الطبعة | 22 |
| رقم المادة | HLP |
| 100 1# - المدخل الرئيسى - إسم شخصى | |
| الإسم الشخصى | Hoff, Lee Ann. |
| 9 (RLIN) | 18357 |
| 245 10 - بيان العنوان | |
| العنوان | Psychiatric and mental health essentials in primary care / |
| بيان المسئوليه,etc | Lee Ann Hoff and Betty Morgan. |
| 260 ## - PUBLICATION, DISTRIBUTION, ETC. (IMPRINT) | |
| مكان الناشر او الموزع | London ; |
| -- | New York : |
| اسم الناشر او الموزع | Routledge, |
| تاريخ النشر أو التوزيع | 2011. |
| 300 ## - الوصف المادى | |
| التعداد | xxvi, 275 p. : |
| تفاصيل ماديه اخرى للوعاء | ill. ; |
| أبعاد الوعاء | 26 cm. |
| 504 ## - تبصرة ببليوجرافية | |
| تبصرة ببليوجرافية,الخ | Includes bibliographical references. |
| 505 0# - تبصرة محتويات-الفهرس | |
| تبصرة المحتويات المصاغة | Theoretical overview and generalist/specialist roles -- Mental health assessment and service planning -- Crisis care basics in primary care -- Suicidal and self-destructive persons -- Violence and sexual assault -- The anxious patient -- Problems of depression and mood disorders -- The person with schizophrenia -- Substance abuse, addiction, and mental health -- Chronic pain in medical and psychiatric illness -- Children, adolescents, and family issues -- The older person, preventive mental health, cognitive impairment, and end-of-life issues -- Complementary and alternatives treatments-CAM. |
| 650 #0 - المدخل الاضافى بالموضوع-مصطلح موضوعى | |
| مصطلح موضوعي أو اسم جغرافي كعنصر مدخل | Psychiatric nursing. |
| 650 #0 - المدخل الاضافى بالموضوع-مصطلح موضوعى | |
| مصطلح موضوعي أو اسم جغرافي كعنصر مدخل | Primary care (Medicine) |
| 650 #0 - المدخل الاضافى بالموضوع-مصطلح موضوعى | |
| مصطلح موضوعي أو اسم جغرافي كعنصر مدخل | Nurse practitioners. |
| 650 12 - المدخل الاضافى بالموضوع-مصطلح موضوعى | |
| مصطلح موضوعي أو اسم جغرافي كعنصر مدخل | Psychiatric Nursing. |
| 650 22 - المدخل الاضافى بالموضوع-مصطلح موضوعى | |
| مصطلح موضوعي أو اسم جغرافي كعنصر مدخل | Mental Disorders |
| التقسيم الفرعي العام | nursing. |
| 9 (RLIN) | 5359 |
| 650 22 - المدخل الاضافى بالموضوع-مصطلح موضوعى | |
| مصطلح موضوعي أو اسم جغرافي كعنصر مدخل | Mental Health. |
| 9 (RLIN) | 18358 |
| 650 22 - المدخل الاضافى بالموضوع-مصطلح موضوعى | |
| مصطلح موضوعي أو اسم جغرافي كعنصر مدخل | Nurse Practitioners. |
| 650 22 - المدخل الاضافى بالموضوع-مصطلح موضوعى | |
| مصطلح موضوعي أو اسم جغرافي كعنصر مدخل | Primary Health Care. |
| 700 1# - المدخل الاضافى - اسم شخصى | |
| الإسم الشخصى | Morgan, Betty, |
| التواريخ المصاحبة للاسم | 1947- |
| 9 (RLIN) | 18359 |
| 906 ## - عنصر بيانات محلى F, LDF (RLIN) | |
| a | 7 |
| b | cbc |
| c | orignew |
| d | 1 |
| e | ecip |
| f | 20 |
| g | y-gencatlg |
| 942 ## - عناصر المدخل الإضافي( كوها) | |
| مصدر التصنيف او مخطط الترفيف | Dewey Decimal Classification |
| Koha [default] item type | DVD |
| حالة الفقد | نموذج السعر الفعال | حالة تلف | ليس للاعارة | رقم الطلب | تاريخ الاكتساب | الموقع الحالي | الباركود | الفرع الرئيسي | Date last checked out | Date last seen | نوع المادة فى نظام كوها | مصدر التصنيف او خطة الترفيف | Total Checkouts |
|---|---|---|---|---|---|---|---|---|---|---|---|---|---|
| 2013-03-10 | 616.890231 HLP | 2012-12-24 | المكتبة المركزية بالمجمعة (CL) | 00401073 | المكتبة المركزية بالمجمعة (CL) | 2019-09-19 | 2019-10-01 | كتاب | Dewey Decimal Classification | 1 | |||
| 2013-03-10 | 616.890231 HLP | 2012-12-24 | المكتبة المركزية بالمجمعة (CL) | 00401074 | المكتبة المركزية بالمجمعة (CL) | 2013-03-10 | كتاب | Dewey Decimal Classification | |||||
| 2013-03-10 | 616.890231 HLP | 2012-12-24 | المكتبة المركزية بالمجمعة (CL) | 00401071 | المكتبة المركزية بالمجمعة (CL) | 2013-03-10 | كتاب | Dewey Decimal Classification |
